Art škôlka

Enregistré dans:
Détails bibliographiques
Auteur principal: Miziová, Silvia (Auteur)
Autres auteurs: Baláž, Jozef (Directeur de thèse)
Format: Manuscrit Livre
Langue:slovaque
Publié: Bratislava 2017
Sujets:
Accès en ligne:http://is.stuba.sk/zp/portal_zp.pl?podrobnosti=111420
Tags: Ajouter un tag
Pas de tags, Soyez le premier à ajouter un tag!

MARC

LEADER 00000ntm a22000003a 4500
001 stuzp63812
003 SK-STU
005 20210201084408.1
007 ta
008 150427s2015----xo-----f-mn---000-0-slo-d
040 |a STU  |b slo 
041 0 |a slo 
100 1 |a Miziová, Silvia  |u 054140  |4 aut  |U FAD Fakulta architektúry  |T FA Ústav konštrukcií v architektúre a inžinierskych stavieb  |X 65238  |U A4140  |Y 395  |7 65238 
242 0 1 |a Art Kindergarten  |y eng 
245 1 0 |a Art škôlka 
260 |c 2017  |a Bratislava 
650 4 |a škôlka  |2 slo 
650 4 |a umenie  |2 slo 
650 4 |a pavilóny  |2 slo 
650 4 |a kindergarten  |2 eng 
650 4 |a art  |2 eng 
650 4 |a pavilons  |2 eng 
700 1 |a Baláž, Jozef  |u 054140  |k Z1  |4 ths  |U FAD Fakulta architektúry  |T FA Ústav konštrukcií v architektúre a inžinierskych stavieb  |X 4847  |U A4140  |Y 395  |7 A000004847 
856 4 |u http://is.stuba.sk/zp/portal_zp.pl?podrobnosti=111420  |u https://opac.crzp.sk/?fn=detailBiblioForm&sid=85D30AFD358849054394B94E20A9